000 01030cam a2200313 a 4500
001 13595695
003 OSt
005 20140310182705.0
008 040517m20042005njuab 001 0 eng
010 _a 2004274079
020 _a9814009342
040 _aDLC
_cDLC
_dDLC
050 0 0 _aQC 23.2
_b.G433 1998
082 0 0 _aM 530
_25th ed.
_bG34 1998
100 1 _aGiancoli, Douglas C.
245 1 0 _aPhysics :
_bprinciples with applications /
_cDouglas C. Giancoli.
250 _a5th ed.
260 _aUpper Saddle River, New Jersey :
_bPearson Prentice-Hall,
_cc1998.
300 _axxiii, 1096 p.
_bill. ;
_c25 cm.
500 _aIncludes indexes.
521 _aCollege Students
526 _c1210L-1700L
541 _j1
562 _e1
650 0 _aPhysics.
906 _a7
_bcbc
_corigcop
_d2
_encip
_f20
_gy-gencatlg
942 _2lcc
_cBK
_kM
999 _c15204
_d15204